| Tag |
First Indicator |
Second Indicator |
Subfields |
| LEADER |
00000cam a2200000Ii 4500 |
| 001 |
in00004098713 |
| 005 |
20200420143931.0 |
| 008 |
190904t20202020stka b 001 0 eng d |
| 020 |
|
|
|a 1474452361
|q hardcover
|
| 020 |
|
|
|a 9781474452366
|q hardcover
|
| 020 |
|
|
|z 9781474452380
|q webready PDF
|
| 020 |
|
|
|z 9781474452397
|q epub
|
| 035 |
|
|
|a (OCoLC)on1137105832
|
| 040 |
|
|
|a PUL
|e rda
|c PUL
|d COO
|d YDX
|d UtOrBLW
|
| 043 |
|
|
|a f-ua---
|
| 049 |
|
|
|a TXAM
|
| 050 |
|
4 |
|a DT91
|b .C65 2020
|
| 082 |
0 |
|
|a 932/.016
|2 23
|
| 100 |
1 |
|
|a Colburn, Henry P.,
|e author.
|
| 245 |
1 |
0 |
|a Archaeology of empire in Achaemenid Egypt /
|c Henry P. Colburn.
|
| 264 |
|
1 |
|a Edinburgh :
|b Edinburgh University Press,
|c [2020]
|
| 264 |
|
4 |
|c ©2020
|
| 300 |
|
|
|a xix, 318 pages :
|b illustrations ;
|c 24 cm.
|
| 336 |
|
|
|a text
|b txt
|2 rdacontent
|
| 336 |
|
|
|a still image
|b sti
|2 rdacontent
|
| 337 |
|
|
|a unmediated
|b n
|2 rdamedia
|
| 338 |
|
|
|a volume
|b nc
|2 rdacarrier
|
| 490 |
1 |
|
|a Edinburgh studies in ancient Persia
|
| 504 |
|
|
|a Includes bibliographical references (pages 259-312) and index.
|
| 600 |
3 |
0 |
|a Achaemenid dynasty,
|d 559 B.C.-330 B.C.
|
| 650 |
|
0 |
|a Excavations (Archaeology)
|z Egypt.
|0 http://id.loc.gov/authorities/subjects/sh85046129
|
| 651 |
|
0 |
|a Egypt
|x History
|y To 332 B.C.
|0 http://id.loc.gov/authorities/subjects/sh85041285
|
| 651 |
|
0 |
|a Egypt
|x Antiquities.
|0 http://id.loc.gov/authorities/subjects/sh85041263
|
| 651 |
|
0 |
|a Egypt
|x Politics and government
|y To 332 B.C.
|0 http://id.loc.gov/authorities/subjects/sh85041318
|
| 830 |
|
0 |
|a Edinburgh studies in ancient Persia.
|0 http://id.loc.gov/authorities/names/no2014081893
|
| 945 |
|
|
|b 383848
|
| 947 |
|
|
|a A14850778821
|
| 948 |
|
|
|a cataloged
|b h
|c 2020/3/6
|d c
|e dmitchel
|f 12:30:20 pm
|
| 994 |
|
|
|a 92
|b TXA
|
| 999 |
f |
f |
|s 546acb52-fb2d-3008-b7da-120a6fc04b5f
|i 150eaf12-0b01-31cc-a25b-4f7d93fec1b1
|t 0
|
| 952 |
f |
f |
|p normal
|a Texas A&M University
|b College Station
|c Sterling C. Evans Library
|d Evans: Library Stacks
|t 0
|e DT91 .C65 2020
|h Library of Congress classification
|i unmediated -- volume
|m A14850778821
|
| 998 |
f |
f |
|a DT91 .C65 2020
|t 0
|l Evans: Library Stacks
|